=LDR 00000nam 2200000 4500 =001 INLIS000000000033141 =005 20130612135119 =008 ***********************************ind** =035 ##$$0010-061300000033141 =041 ##$$a ind =082 ##$$a 614 =090 ##$$a 614, Hut s =100 ##$$a HUTAPEA, Ronald, Dr.SKM,PhD =245 ##$$a Sehat dan Ceria di Usia Senja : Melangkah Anggun /Dr. Ronald Hutapea, SKM, PhD =260 ##$$a 2005 $b Jakarta =300 ##$$a ix, 241 hlm, illus, 20,5 cm =650 ##$$a Kesehatan Masyarakat Lansia =850 ##$$a NBPNMAT =990 ##$$a 21197012/BPAP-NTB/2014 =990 ##$$a 0001/BPAP-NTB/20142015